Organizational behavior : (Record no. 31189)

MARC details
000 -LEADER
fixed length control field 01054nam a22002657a 4500
005 - DATE AND TIME OF LATEST TRANSACTION
control field 20091030112645.0
008 - FIXED-LENGTH DATA ELEMENTS--GENERAL INFORMATION
fixed length control field 091030t xxu||||| |||| 00| 0 eng d
010 ## - LCCN (DPL NO)
LC control number ENG-95267
020 ## - INTERNATIONAL STANDARD BOOK NUMBER
International Standard Book Number 978007671034
Terms of availability 395.00
020 ## - INTERNATIONAL STANDARD BOOK NUMBER
International Standard Book Number 0070671036
Terms of availability 395.00
035 ## - SYSTEM CONTROL NUMBER
System control number EN-78800
040 ## - CATALOGING SOURCE
Original cataloging agency DPL
082 ## - DEWEY DECIMAL CLASSIFICATION NUMBER
Classification number 658.3
100 ## - MAIN ENTRY--PERSONAL NAME
Personal name Kinicki, Angelo
245 ## - TITLE STATEMENT
Title Organizational behavior :
Statement of responsibility, etc by Angelo Kinicki [and] Robert Kreitner, .
Remainder of title key concepts, skills and best practices/
250 ## - EDITION STATEMENT
Edition statement 3rd ed.
260 ## - PUBLICATION, DISTRIBUTION, ETC. (IMPRINT)
Place of publication, distribution, etc New Delhi
Name of publisher, distributor, etc Tata McGraw Hill Education
Date of publication, distribution, etc 2009
300 ## - PHYSICAL DESCRIPTION
Extent xvii, 686 p. :
Other physical details ill. (some col.) ;
Dimensions 24 cm. (pbk)
500 ## - GENERAL NOTE
General note Includes index.
650 ## - SUBJECT ADDED ENTRY--TOPICAL TERM
Topical term or geographic name as entry element Organizational behavior.
700 ## - ADDED ENTRY--PERSONAL NAME
Personal name Kinicki, Angelo.
942 ## - ADDED ENTRY ELEMENTS (KOHA)
Source of classification or shelving scheme Dewey Decimal Classification
Item type English Books
Call number suffix KIN
Classification part 658.3
Holdings
Withdrawn status Lost status Source of classification or shelving scheme Damaged status Not for loan Collection code Home library Current library Date acquired Source of acquisition Cost, normal purchase price Total Checkouts Full call number Barcode Date last seen Copy number Cost, replacement price Koha item type
    Dewey Decimal Classification   Not For Loan Non-fiction D.B.Act.Division D.B.Act.Division 30/10/2009 DBAD / PUB 395.00   658.3 KIN EN-78800 30/10/2009 1 395.00 English Books

© Delhi Public Library
Hit Counter
free hit counter